01465nam a22003491 4500001001000000003000900010005001700019007001000036008002800046017000900074020001900083035000600102040002200108082002800130100005100158245008800209260005200297300002700349490004200376500004300418590002600461650004900487700004700536700003700583710003200620910004000652942001200692952012800704952013300832952013300965999001701098 01107648DO-SdBNP20260527134146.0 01107648920725s2008 pr spa  a b  a 9780847715817 a  aBPMSUbspacBPMSU aPR863.5bR621q 20082221 aRivera Lassén, Carmen Leonor eautor 4aut. 10a¿Qué crees? / cCarmen Leonor Rivera-Lassén, Mrinali Álvarez Astacio, b h  aColombia : bUniversidad de Puerto Rico, c2008 a23 p. :bil,. ;c26 cm0 aNueve Pececitos; aSerie Igualitosv  aPreescolares/kindergarten (4-5 años) aInventariado, 2025/VM 4aCuentos infantiles [puertorriqueños]v 2 1 aÁlvarez Astacio, Mrinalieilustraciones 1 aÁlvarez, Juan eilustraciones 2 aUniversidad de Puerto Rico  aVMateo V. Control de calidad. BPMSU 2ddccBK 00102ddc40708CI-GaBPMETbBPMETd2024-06-12l0oBPMSU CGI PR863.5 R621q 2008pBPMSU24060014r2024-06-12w2024-06-12yBK 00102ddc40708CI-GaBPMETbBPMETd2024-06-12l0oBPMSU CGI PR863.5 R621q 2008pBPMSU24060015r2024-06-12te.2w2024-06-12yBK 00102ddc40708CI-GaBPMETbBPMETd2024-06-12l0oBPMSU CGI PR863.5 R621q 2008pBPMSU24060016r2024-06-12te.3w2024-06-12yBK c14660d14660